Nicolás Díaz y Pérez (Record no. 13627)

MARC details
000 -LEADER
campo de control de longitud fija 00977nam a2200265 4500
001 - NÚMERO DE CONTROL
campo de control 13627
003 - IDENTIFICADOR DE NÚMERO DE CONTROL
campo de control ES-MaACL
005 - FECHA Y HORA DE LA ÚLTIMA TRANSACCIÓN
campo de control 20250905140253.0
007 - CAMPO FIJO DE DESCRIPCIÓN FÍSICA--INFORMACIÓN GENERAL
campo de control de longitud fija t|
008 - DATOS DE LONGITUD FIJA--INFORMACIÓN GENERAL
campo de control de longitud fija 000000s19860000sp ||||0|bspa d
020 ## - NÚMERO INTERNACIONAL ESTÁNDAR DEL LIBRO
Número Internacional Estándar del Libro 84-505-3639-1
080 ## - NÚMERO DE LA CLASIFICACIÓN DECIMAL UNIVERSAL
Número de la Clasificación Decimal Universal 929 Díaz y Pérez, Nicolás
100 1# - ENTRADA PRINCIPAL--NOMBRE DE PERSONA
Nombre de persona Rey Velasco, Fermín.
9 (RLIN) 96547
245 10 - MENCIÓN DEL TÍTULO
Título Nicolás Díaz y Pérez
Resto del título : republicano, masón, escritor, (1841-1902) /
Mención de responsabilidad, etc. Fermín Rey Velasco, Antonia Barroso Dávila.
260 ## - PUBLICACIÓN, DISTRIBUCIÓN, ETC.
Lugar de publicación, distribución, etc. Badajoz :
Nombre del editor, distribuidor, etc. Diputación Provincial, Departamento de Publicaciones,
Fecha de publicación, distribución, etc. D.L. 1986.
300 ## - DESCRIPCIÓN FÍSICA
Extensión 151 p. ;
Dimensiones 17 cm.
490 1# - MENCIÓN DE SERIE
Mención de serie ¿Quién es? Biografías extremeñas ;
Designación de volumen o secuencia 2
600 14 - PUNTO DE ACCESO ADICIONAL DE MATERIA--NOMBRE DE PERSONA
Nombre de persona Díaz y Pérez, Nicolás,
Fechas asociadas al nombre 1841-1902
9 (RLIN) 44467
700 1# - ENTRADA AGREGADA--NOMBRE PERSONAL
Nombre de persona Barroso Dávila, Antonia.
9 (RLIN) 26069
710 1# - ENTRADA AGREGADA--NOMBRE DE ENTIDAD CORPORATIVA
Nombre de entidad corporativa o nombre de jurisdicción como elemento de entrada Badajoz (Provincia).
Unidad subordinada Diputación Provincial
9 (RLIN) 2081
830 0# - PUNTO DE ACCESO ADICIONAL DE SERIE-TÍTULO UNIFORME
Título uniforme ¿Quién es?
Designación de volumen o secuencia 2
9 (RLIN) 218586
852 ## - LOCALIZACIÓN
Ubicación ES-MaACL
Número de control de estantería L-21011
Sublocalización o colección R.113577
852 ## - LOCALIZACIÓN
Ubicación ES-MaACL
Número de control de estantería E-14498
Holdings
Estatus retirado Estado de pérdida Estado de daño No para préstamo Biblioteca de origen Biblioteca actual Ubicación en estantería Fecha de adquisición Fuente de adquisición Total de préstamos Signatura topográfica completa Código de barras Visto por última vez Precio de reemplazo Tipo de ítem Koha
        Biblioteca del Ateneo de Madrid Biblioteca del Ateneo de Madrid Depósito 2 01/03/2011     E-14498 1185980 23/02/2023 23/02/2023 Libro impreso
        Biblioteca del Ateneo de Madrid Biblioteca del Ateneo de Madrid Depósito 2 17/01/2008     L-21011 1013871 23/02/2023 23/02/2023 Libro impreso